000 00689nam a2200289Ia 4500
005 20260324131408.0
008 008 260324s9999 xx 000 0 eng d
020 _a9780429113826
037 _aEBOOK
040 _aCRL
040 _beng
040 _cCRL
041 _2eng
041 _aeng
084 _qCRL
100 _aEugene Papirer; Michel Nardin
_91185356
245 0 _aPowders and Fibers
245 0 _bInterfacial Science and Applications
260 _bTaylor and Francis
260 _c2006
365 _a
365 _b560
856 _uhttp://www.taylorfrancis.com/books/9780429113826
942 _cEBOOK
999 _c1782456
_d1782456